| 000 | 00446pab a2200169 454500 | ||
|---|---|---|---|
| 008 | 180718b2000 xxu||||| |||| 00| 0 eng d | ||
| 100 | _aHoughton, John | ||
| 245 | _aThe wheel turn for policing and local government | ||
| 260 | _c2000 | ||
| 300 | _ap.117-30 | ||
| 362 | _aSummer | ||
| 650 | _aLocal government - Great Britain | ||
| 650 | _aPolice - Great Britain | ||
| 650 | _aPolice | ||
| 773 | _aLocal Government Studies | ||
| 909 | _a46164 | ||
| 999 |
_c46164 _d46164 |
||